SPPÚ a zásady koncentrace a lokalizace složišť na tuhá organická hnojiva

Bibliographic Details
Main Authors: Štepán, Miloslav (Author), Štěpán, Miloslav (Author)
Format: Article
Language:Slovak
Subjects:

MARC

LEADER 00000nab a2200000 a 4500
001 vtls000123587
003 SK-MaSNL
005 20260303032624.0
008 111031c1982 xo 0 slo
015 |a SNBRA19rr/mm-uuuuu 
035 |a CL0133692 
040 |a SNKBUCL  |b slo  |c SNKBUCL  |e AACR2 
041 0 |a slo 
044 |a xo  |c SK 
080 |a 631.2  |2 1981 
080 |a 631.8  |2 1981 
100 1 |a Štepán, Miloslav  |4 aut  |9 942440 
245 1 0 |a SPPÚ a zásady koncentrace a lokalizace složišť na tuhá organická hnojiva  |c Miloslav Štepán ; Miloslav Štěpán 
650 0 7 |a hnojiská  |2 snkbucl  |9 343679 
655 7 |a články zo zborníkov  |2 snkbucl  |9 166140 
700 1 |a Štěpán, Miloslav  |4 aut  |9 942440 
773 0 |t Ochrana a tvorba poľnohospodárskej krajiny  |d Bratislava : Príroda, 1982 
850 |a Slovenská národná knižnica v Martine  |a MTA001 
852 |a SNK  |b KIS3GCP 
958 |a RK 
992 |a RZB 
999 |c 1665639  |d 1667569